Feynman lectures on gravitation by Richard P Feynman and others.Ed by Brian Hatfield (Record no. 1211701)

MARC details
000 -LEADER
fixed length control field 01293nam a2200313Ia 4500
003 - CONTROL NUMBER IDENTIFIER
control field OSt
005 - DATE AND TIME OF LATEST TRANSACTION
control field 20221007123328.0
008 - FIXED-LENGTH DATA ELEMENTS--GENERAL INFORMATION
fixed length control field 221006b |||||||| |||| 00| 0 eng d
020 ## - INTERNATIONAL STANDARD BOOK NUMBER
International Standard Book Number 0201627345^bhbd
-- 61.00
037 ## - SOURCE OF ACQUISITION
Terms of availability Textual
040 ## - CATALOGING SOURCE
Original cataloging agency PAPL
Transcribing agency PAPL
Language of cataloging eng
041 ## - LANGUAGE CODE
Source of code eng
Language code of text/sound track or separate title eng
100 ## - MAIN ENTRY--PERSONAL NAME
Personal name Feynman Richard P
9 (RLIN) 441988
245 #0 - TITLE STATEMENT
Title Feynman lectures on gravitation by Richard P Feynman and others.Ed by Brian Hatfield
Remainder of title Fernando B Morinigo Wagner William G Hatfield Brian Ed
260 ## - PUBLICATION, DISTRIBUTION, ETC.
Place of publication, distribution, etc. Reading,
Name of publisher, distributor, etc. Massachusetts Perseus Books
Date of publication, distribution, etc. 1995
300 ## - PHYSICAL DESCRIPTION
Extent xl,232p
Dimensions cm.
500 ## - GENERAL NOTE
General note Bibliography 221-228p; Index 229-232p; ^n23/CSL/Carpa/00-01/264^d2000-07-04^mPurchase; ; 2000-2001/132^b2000-07-11^cD-15561^d2000-07-07^eRs.4,892.00^fAffiliated East-West Press Pvt Ltd; ; 2000-08-01^bSB^c2000-08-17^dSK^r2000-10-17
650 ## - SUBJECT ADDED ENTRY--TOPICAL TERM
Topical term or geographic name entry element Gravitation theory
9 (RLIN) 717095
650 ## - SUBJECT ADDED ENTRY--TOPICAL TERM
Topical term or geographic name entry element Physics
700 ## - ADDED ENTRY--PERSONAL NAME
Personal name Fernando B Morinigo
9 (RLIN) 717096
700 ## - ADDED ENTRY--PERSONAL NAME
Personal name Hatfield Brian Ed
9 (RLIN) 717097
700 ## - ADDED ENTRY--PERSONAL NAME
Personal name Wagner William G
9 (RLIN) 458042
942 ## - ADDED ENTRY ELEMENTS (KOHA)
Classification part CK, N5
Koha item type Textual
Source of classification or shelving scheme Colon Classification (CC)
Holdings
Withdrawn status Lost status Source of classification or shelving scheme Damaged status Not for loan Home library Current library Date acquired Source of acquisition Total Checkouts Full call number Barcode Date last seen Price effective from Koha item type
    Colon Classification (CC)     Department of Physics and Astrophysics Library Department of Physics and Astrophysics Library 2022-10-07 Affiliated,   CK N5 PA0005260 2022-10-07 2022-10-07 Textual
Copyright @ Delhi University Library System